000 00404nam a22001457a 4500
005 20230118113843.0
008 210127b xxu||||| |||| 00| 0 eng d
020 _a9789381238158
041 _aeng
100 _aGOVERNMENT OF INDIA MINISTRY OF HEALTH & FAMALY WELFARE
_96332
245 _aINDIA PHARMACOPOEIA 2018 [VOL-1]
260 _aGHAZIABAD
_bIPCG
650 _aPHARMACY
_xD.PHARMA
_97090
942 _cBK
999 _c7434
_d7432